000 00662nmm a2200193Ia 4500
008 251105s9999||||xx |||||||||||||||||und||
020 _a9788436947144
041 _aspa
100 _aGonzález Briones, Elena (dir.)
245 0 _aGuía práctica del profesorado de lengua árabe y cultura marroquí
264 _a[Madrid, España] :
_bMinisterio de Educación, Cultura y Deporte de España,
_c2009
300 _a90 páginas
650 _aEducation
700 _aGonzález Briones, Elena (dir.)
700 1 _a Ben Haddad, Zoubaida
700 1 _a Freire Freire, Ángel (coords.)
856 _uhttps://public.digitaliapublishing.com/a/30227
942 _cCF
999 _c66281
_d66281